00322 a2200133 450000100060000002000180000604000220002410000180004624000270006424500220009130000070011336200090012065000590012961261 a9783126750844 cAnchieta - Pituba aBuchner, Holm10aSchon mal gehort?lpor10aSchon mal gehort? a720 a2009 4aLínguas germânicas (teutônicas) língua alemã